| 000 | 00838nam a22002897a 4500 | ||
|---|---|---|---|
| 003 | CHAP | ||
| 005 | 20220329133319.0 | ||
| 008 | 971013s1987 r 00010 d | ||
| 010 | _a4760 | ||
| 011 | _a5732 | ||
| 035 | _a4947 | ||
| 040 | _cCHAP | ||
| 082 |
_a001.6424 _bM5 |
||
| 110 |
_aMicrosoft Corporation. _975540 |
||
| 245 |
_aMicrosoft GW-Basic interpreter _b: user's guide |
||
| 260 |
_a[s.l.] : _bMicrosoft, _c1987 |
||
| 300 | _a274 p. | ||
| 500 | _a54-140 | ||
| 590 |
_aBATCH-UPD _b10 _c20130110 _lUCH01 _h1935 |
||
| 590 |
_aBATCH-UPD _b10 _c20130410 _lUCH01 _h1259 |
||
| 590 |
_aBATCH-UPD _b10 _c20130914 _lUCH01 _h1721 |
||
| 590 |
_aCONVERSION _b10 _c20130109 _lUCH01 _h1304 |
||
| 650 | 1 | 4 |
_aLenguajes de programación. _965989 |
| 901 | _aBK | ||
| 942 | _cLIBRO | ||
| 949 |
_a001.6424 M5 _bBC _cLIBRO _d-14511 _eLIBRO _h81532 _i4947 _si |
||
| 999 |
_c4760 _d4760 |
||